| 000 | 00685nam a22001695i 4500 | ||
|---|---|---|---|
| 001 | 157689 | ||
| 003 | ES-MaACL | ||
| 005 | 20230906210818.0 | ||
| 008 | 040812s1886 sp |||| | spa d | ||
| 040 |
_aCAM _bspa _cCAM |
||
| 100 | 1 |
_aLians, Eulalia de. _9128940 |
|
| 245 | 1 | 0 |
_aEscaramuzas _b: novela original / _cEulalia de Lians. |
| 260 |
_aMadrid : _b[s.n.], _c1885 ( _fTipografĂa de Manuel G. Hernández) |
||
| 300 |
_a195 p. ; _c24 cm. |
||
| 596 | _aEn el pie de imp. de la cub. original consta la fecha 1886. | ||
| 852 |
_aES-MaACL _jT-862-F-4 _z-- Enc. hol. conservando la cub. original _z-- Dedicatoria ms. de la autora a Augusto Charro Hidalgo _z-- Enc. en un vol. facticio |
||
| 999 |
_c157689 _d157689 |
||